Ruská korešnpondencia pre ekonómov

Podrobná bibliografia
Hlavný autor: Sopira, Andrej, 1917-1998 (Autor)
Médium: Kniha
Jazyk:ruština
Fyzický popis:268 s. tab. 20 cm
Vydavateľské údaje: Bratislava Vysoká škola ekonomická 1985
Vydanie:2. vyd.
Edícia:Vysokoškolské skriptá
Predmet:

MARC

LEADER 00000cam a2200000 a 4500
001 vtls001087947
003 SK-MaSNL
005 20260301062349.0
008 240513s1985 xo np 00000 rus
015 |a SNBA1986/06 
035 |a SNK000030787 
040 |a SNK  |b slo  |c SNK  |e AACR2 
041 0 |a rus 
044 |a xo  |c SK 
080 |a 651.7(075.8)=82  |2 1981 
100 1 |a Sopira, Andrej,  |d 1917-1998  |4 aut  |9 37352 
245 1 0 |a Ruská korešnpondencia pre ekonómov  |c A. Sopira 
250 |a 2. vyd. 
260 |a Bratislava  |b Vysoká škola ekonomická  |c 1985  |e Bratislava  |f Edičné stredisko VŠE 
300 |a 268 s.  |b tab.  |c 20 cm 
366 |e 200 výtl. 
490 1 |a Vysokoškolské skriptá 
504 |a Obsahuje bibliografiu 
650 0 7 |a ruština  |2 SNKPH  |9 1346 
650 0 7 |a ekonómia  |2 SNKPH  |9 788 
650 0 7 |a korešpondencia  |2 SNKPH  |9 645 
655 7 |a učebnice vysokých škôl  |2 SNKPH  |9 70191 
655 7 |a Textbooks (higher)  |2 SNKPHeng  |9 276436 
830 0 |a Vysokoškolské skriptá  |9 276440 
852 |a Slovenská národná knižnica 
954 |a odborná, vedecká literatúra pôvodná (slovenská)  |2 lita 
958 |a RM 
958 |a NB 
958 |a UV 
958 |a OND 
999 |c 620376  |d 622306 
952 |t P60, <04>, [BOOK], {604}  |a SNK  |b SNK  |y VYP  |7 0  |p 17A0221613  |o snkSD 57526 D1  |0 0  |1 0  |4 0  |d 1999-12-13  |l 0  |r 2004-12-31 00:00:00  |w 2026-02-23